| 000 | 00529nam a2200205Ia 4500 | ||
|---|---|---|---|
| 003 | OSt | ||
| 005 | 20251218155253.0 | ||
| 008 | 210210b2011 xxu||||| |||| 00| 0 eng d | ||
| 040 | _cAL | ||
| 041 | _aKannada | ||
| 082 | _aK894.3 SHAP | ||
| 100 |
_aSHARADA BHAT (K) _9141569 _dಶಾರದಾ ಭಟ್ (ಕೆ) |
||
| 245 |
_aPadarugalu _bಪದರುಗಳು |
||
| 260 |
_aUdupi _b- _c2011 |
||
| 300 | _ax,166 | ||
| 650 |
_aPadarugaLu _9141570 |
||
| 690 |
_aKannada Fiction _9141571 |
||
| 906 | _a067440 | ||
| 942 |
_2ddc _cBK |
||
| 999 |
_c150706 _d150706 |
||